Govt. of
Madhya Pradesh

विज्ञान शिक्षण की आधुनिक विधियां (Record no. 58082)

MARC details
000 -LEADER
fixed length control field 00516nam a22001457a 4500
003 - CONTROL NUMBER IDENTIFIER
control field macl
005 - DATE AND TIME OF LATEST TRANSACTION
control field 20180501124700.0
008 - FIXED-LENGTH DATA ELEMENTS--GENERAL INFORMATION
fixed length control field 180501b xxu||||| |||| 00| 0 eng d
040 ## - CATALOGING SOURCE
Transcribing agency macl
100 ## - MAIN ENTRY--PERSONAL NAME
Personal name प्रो; टी वात्‍स्‍यायन
9 (RLIN) 72289
245 ## - TITLE STATEMENT
Title विज्ञान शिक्षण की आधुनिक विधियां
260 ## - PUBLICATION, DISTRIBUTION, ETC. (IMPRINT)
Place of publication, distribution, etc. दिल्‍ली
Name of publisher, distributor, etc. लोक शिक्षा मंच
Date of publication, distribution, etc. 2013
650 ## - SUBJECT ADDED ENTRY--TOPICAL TERM
Topical term or geographic name as entry element विज्ञान
9 (RLIN) 72539
942 ## - ADDED ENTRY ELEMENTS (KOHA)
Source of classification or shelving scheme
Koha item type Hindi Books

No items available.